| 000 | 00505nam a2200193Ia 4500 | ||
|---|---|---|---|
| 005 | 20250326144946.0 | ||
| 008 | 250326s9999 xx 000 0 und d | ||
| 020 | _a0-333-94590-5 | ||
| 037 | _aTextbook | ||
| 040 |
_aFMSL _beng _cFMSL |
||
| 041 |
_aeng _2eng |
||
| 084 |
_aX65.1 P2 _qFMSL |
||
| 100 |
_aMoosa I A _9747683 |
||
| 245 | 0 |
_aForeign direct investment _cMoosa I A |
|
| 260 |
_aNY _bNY, Palgrave _c2002 |
||
| 300 | _a311p | ||
| 942 |
_cTB _hX65.1 P2 |
||
| 999 |
_c1305803 _d1305803 |
||